Gana la elección presidencial de Argentina - Estadísticas

Estadísticas generales
  • Esta prueba ha sido intentada 961 veces
  • La puntuación promedio es 67 de 91
Respuestas en el mapa
Las respuestas están codificadas por una escala verde-roja en el mapa de la prueba según el % correcto abajo.
 
Estadísticas de respuestas
Province % Correcto
Buenos Aires
96%
Buenos Aires
96%
Buenos Aires
96%
Buenos Aires
96%
Buenos Aires
96%
Buenos Aires
96%
Buenos Aires
96%
Buenos Aires
96%
Buenos Aires
96%
Buenos Aires
96%
Buenos Aires
96%
Buenos Aires
96%
Buenos Aires
96%
Buenos Aires
96%
Buenos Aires
96%
Buenos Aires
96%
Buenos Aires
96%
Buenos Aires
96%
Buenos Aires
96%
Buenos Aires
96%
Buenos Aires
96%
Buenos Aires
96%
Buenos Aires
96%
Buenos Aires
96%
Buenos Aires
96%
Buenos Aires
96%
Buenos Aires
96%
Buenos Aires
96%
Buenos Aires
96%
Buenos Aires
96%
Buenos Aires
96%
Buenos Aires
96%
Buenos Aires
96%
Buenos Aires
96%
Buenos Aires
96%
Ciudad de Buenos Aires
96%
Ciudad de Buenos Aires
96%
Ciudad de Buenos Aires
96%
Ciudad de Buenos Aires
96%
Ciudad de Buenos Aires
96%
Ciudad de Buenos Aires
96%
Córdoba
85%
Córdoba
85%
Córdoba
85%
Córdoba
85%
Córdoba
85%
Córdoba
85%
Córdoba
85%
Córdoba
85%
Santa Fe
75%
Santa Fe
75%
Santa Fe
75%
Santa Fe
75%
Santa Fe
75%
Santa Fe
75%
Santa Fe
75%
Mendoza
64%
Mendoza
64%
Mendoza
64%
Mendoza
64%
Salta
58%
Salta
58%
Salta
58%
Jujuy
55%
Jujuy
55%
Entre Ríos
54%
Entre Ríos
54%
Entre Ríos
54%
Misiones
54%
Misiones
54%
Corrientes
50%
Corrientes
50%
Tucumán
49%
Tucumán
49%
Tucumán
49%
Chaco
45%
Chaco
45%
Formosa
43%
San Luis
42%
La Pampa
41%
Santiago del Estero
33%
Santiago del Estero
33%
Chubut
32%
San Juan
32%
San Juan
32%
Catamarca
27%
Neuquén
26%
Santa Cruz
25%
La Rioja
24%
Rio Negro
24%
Tierra del Fuego
17%
No se encontraron pruebas coincidentes
Distribución de puntuación
Porcentaje de gente con cada puntuación
Porcentaje por número respondido
Historial de tus puntuaciones
No has intentado esta prueba.